| 000 | 01344cam a22003617a 4500 | ||
|---|---|---|---|
| 003 | CHAP | ||
| 005 | 20220329142453.0 | ||
| 008 | 010517d2001 mx bd r 00110 spa d | ||
| 010 | _a83928 | ||
| 011 | _a84900 | ||
| 035 | _a95426 | ||
| 040 | _cCHAP | ||
| 090 | _aTesis | ||
| 100 | 0 | 0 |
_aBarona Ibarra, Venicio. _910292 |
| 245 | 1 | 0 |
_aEvaluación financiera de una unidad de producción de leche en el municipio de Manuel Doblado, Guanajuato _c/por Venicio Barona Ibarra |
| 260 |
_aChapingo, Méx. : _bEl autor, _c2001 |
||
| 300 |
_a76 h . : _bgráfs. ; mapas cuadros |
||
| 502 | _aTesis (Ing. Agr. Eps. en Economía Agrícola) -- UACH. División de Ciencias Económico Administrativas | ||
| 590 |
_aALEPH _b10 _c20130110 _lUCH01 _h1442 |
||
| 590 |
_aBATCH-UPD _b10 _c20130110 _lUCH01 _h0610 |
||
| 590 |
_aBATCH-UPD _b10 _c20130410 _lUCH01 _h0252 |
||
| 590 |
_aBATCH-UPD _b10 _c20130914 _lUCH01 _h0539 |
||
| 590 |
_aCONVERSION _b10 _c20130109 _lUCH01 _h1347 |
||
| 650 | 1 | 4 |
_aGranjas lecheras _zGuanajuato. _950412 |
| 650 | 1 | 4 |
_aIndustria lechera _xGuanajuato. _957838 |
| 650 | 1 | 4 |
_aLeche _xCostos de producción. _965371 |
| 650 | 1 | 4 |
_aLeche _xProducción. _965400 |
| 901 | _aBK | ||
| 905 | _aMarco A. Mendoza T. | ||
| 942 | _cFOLL | ||
| 949 |
_bBC _cTES _d33724000819827 _eTS2 _fc.2 _h38132 _i95426 _si |
||
| 949 |
_bBC _cTES _d954261 _eTS1 _h38131 _i95426 _sb |
||
| 999 |
_c83928 _d83928 |
||